MARC

LEADER 00000nab a2200000 a 4500
001 vtls000065466
003 SK-MaSNL
005 20260303175706.0
008 150430c1980 xo 0 slo
015 |a SNBRB19rr/mm-uuuuu 
035 |a CL0075566 
040 |a SNKBUCL  |b slo  |c SNKBUCL  |e AACR2 
041 0 |a slo 
044 |a xo  |c SK 
080 |a 883-3(087.5)  |2 1981 
100 1 |a Paustovskij, Konstantin Georgijevič,  |d 1892-1968  |4 aut  |9 123283 
245 1 0 |a Jazvec  |c Konstantin Paustovskij ; Ivan Jackanin 
650 0 7 |a poviedky chlapčenské  |2 snkbucl  |9 902739 
650 0 7 |a literatúra pre deti a mládež  |2 snkbucl  |9 21893 
650 0 7 |a sovietska literatúra  |2 snkbucl  |9 22300 
655 7 |a články z novín a časopisov  |2 snkbucl  |9 267496 
655 7 |a články z odboru literárna veda a krásna literatúra  |2 snkbucl  |9 770045 
700 1 |a Jackanin, Ivan,  |d 1950-  |4 trl  |9 103637 
773 0 |t Východoslovenské noviny  |g Roč. 29, č. 198 (22. 8. 1980), s. 5 
850 |a Slovenská národná knižnica v Martine  |a MTA001 
852 |a SNK  |b KIS3GCP 
958 |a RK 
958 |a LX 
958 |a SK 
992 |a RBX 
999 |c 2102949  |d 2104879